| 000 | 00544nam a2200217Ia 4500 | ||
|---|---|---|---|
| 005 | 20250425162817.0 | ||
| 008 | 250425s9999 xx 000 0 und d | ||
| 041 | _aspa | ||
| 100 | _aSEARS, FRANCIS WESTON | ||
| 245 | 0 |
_aFUNDAMENTOS DE FISICA II: ELECTRICIDAD Y MAGNETISMO _cALVINO YUSTA. |
|
| 250 | _a3A ED. | ||
| 264 |
_aEspaƱa, MADRID _bAGUILAR _c1961. |
||
| 300 | _a440 | ||
| 362 | _a2 | ||
| 650 | _aELECTRICIDAD | ||
| 650 | _aFISICA | ||
| 650 | _aMAGNETISMO | ||
| 700 |
_aALVINO YUSTA. _etr |
||
| 942 | _c01 | ||
| 010 | _a109915 | ||
| 999 |
_c236918 _d236918 |
||